000 00590nam a2200181Ia 4500
008 151202s9999||||xx |||||||||||||| ||und||
082 _bPNVM-81046
100 _aपाटील विजया.
245 _aसेकंद सेकंद.
260 _b"मुक्ता पब्लि.हाऊस,कोल्हापूर."
260 _c2009
300 _a154
600 _aपाटील विजया.
630 _aसेकंद सेकंद.
700 _aपाटील विजया.
730 _aसेकंद सेकंद.
942 _cBOOK
999 _c1345654
_d1345651